| 000 | 01631pam a2200301 a 4500 | ||
|---|---|---|---|
| 001 | 6965 | ||
| 003 | FISKH | ||
| 005 | 20250612094406.0 | ||
| 008 | 930805r1994 nyua j 001 0 eng | ||
| 010 | _a 93029796 | ||
| 020 | _a9780753456156 | ||
| 040 |
_aDLC _cDLC _dDLC _beng |
||
| 050 | _aQE862.D5 T473 | ||
| 082 | _a 567.9 | ||
| 100 | 1 | _aTheodorou, Rod. | |
| 245 | 0 | 0 |
_aI wonder why triceratops had horns and other questions about dinosaurs / _cRod Theodorou. |
| 260 |
_aNew York : _bKingfisher Books, _c1994. |
||
| 300 |
_a32 pages : _bcolor illstrations ; _c22 cm |
||
| 490 | 1 | _aI wonder why | |
| 500 | _aIncludes index. | ||
| 520 | _aDiscover the answers to all the questions you've ever wanted to ask about the natural world, history, space and more! Was Tyrannosaurus king of the dinosaurs? Which dinosaur went fishing? Why did dinosaurs eat stones? Learn the answers to these questions and more in this fascinating question-and-answer book all about dinosaurs. Accessible and entertaining text makes learning about dinosaurs fun, and information is presented in bite-sized nuggets, making it ideal for reading aloud. Bright illustrations by award-winning illustrator Marie-Eve Tremblay bring amazing dinosaurs to life, from T-Rex and Velociraptor to Diplodocus. This is the ideal book for young dinosaur fans who want to uncover fascinating facts about their favorite dinos. | ||
| 650 | 0 |
_aDinosaurs _xMiscellanea _xJuvenile literature. |
|
| 650 | 1 |
_aDinosaurs _xMiscellanea. |
|
| 650 | 1 | _aQuestions and answers. | |
| 906 |
_a7 _bcbc _corignew _d1 _eocip _f19 _gy-gencatlg |
||
| 942 |
_2ddc _cBK _n0 |
||
| 999 |
_c6965 _d6965 |
||